| 000 | 01125nam a22003137a 4500 | ||
|---|---|---|---|
| 999 |
_c64416 _d64416 |
||
| 005 | 20240530110730.0 | ||
| 008 | 141214s2009 ua f 000 0 ara d | ||
| 017 |
_a2006/24830 _bمصر . دار الكتب المصرية |
||
| 020 | _a9772159376 | ||
| 040 | _aEG-CaGPL | ||
| 041 | 0 | _aara | |
| 082 | 0 | 4 |
_221 _a070.4496 \ _bأ ص |
| 100 | 0 | _aاحمد بدر | |
| 245 | 1 | 2 |
_aالصحافة الكونية : _bدراسات فى الاعلام والاتصال الدولى / _cاحمد بدر . |
| 250 | _aط. 1 | ||
| 260 |
_aالقاهرة : _bدار غريب ، _c2006 . |
||
| 300 |
_a336 ص. ؛ _c24 سم. |
||
| 504 | _aيشتمل على ارجاعات ببليوجرافية | ||
| 650 | 0 | 4 | _aالصحف |
| 650 | 0 | 4 | _aالصحافة الالكترونية |
| 650 | 0 | 4 | _aالارشيف الالكترونى |
| 650 | 0 | 4 | _aالاتصال الدولى |
| 650 | 0 | 4 | _aوكالات الانباء الاجنبية |
| 650 | 0 | 4 | _aوكالات الانباء |
| 650 | 0 | 4 | _aالكتب الالكترونية |
| 650 | 0 | 4 |
_aالصحف _xاخراج |
| 942 |
_2ddc _cBK |
||